000 00471nam a2200217Ia 4500
001 110600
003 YMCAF
005 20230512162422.0
008 100717s2004 ||||||||||||||||| ||und|d
024 _a110600
035 _aWB1587
040 _aYMCAF
_beng
_cIN-KoLT
041 _aeng
082 _a620.004
_b52 BIR
100 _aBirolini, A
245 0 _aReliability engineering
250 _a4th
260 _bSpringer
_c2004
300 _a544
942 _2ddc
_cBK
999 _c11900
_d11900